000 00884nam a2200229 a 4500
001 57964
003 BD-RjUL
005 20211209080553.0
008 160810s2007 bg ||||| |||| 00| e ben d
020 _a9840746146
_c: TK. 130.00
035 _a(BD-RjUL)58088
040 _aBD-RjUL
_bben
_cBD-RjUL
_dBD-RjUL
041 _aben
082 _223
_a324.0954
_bKAS 2007
100 1 _aকালাম, আবুল
_9145062
245 1 0 _aসুভাষ বসুর রণনীতি ও কূটনীতি /
_cআবুল কালাম
260 _aঢাকা :
_bবাংলা একাডেমী,
_c২০০৭.
300 _a[৬], ১৮৯ পৃ. :
_bচিত্র ;
_c২১ সেমি.
650 _aরাজনৈতিক প্রক্রিয়া
_9145063
_zবাংলাদেশ
650 _aPolitical Process
_9145064
_zBangladesh
942 _2ddc
_cBK
999 _c57964
_d57964